LEADER 01791nam 2200505 450 001 9910480227803321 005 20170905152836.0 035 $a(CKB)3710000001403396 035 $a(MiAaPQ)EBC4880697 035 $a(DLC) 2017027826 035 $a(EXLCZ)993710000001403396 100 $a20170831h20172017 uy 0 101 0 $aeng 135 $aurcnu|||||||| 181 $2rdacontent 182 $2rdamedia 183 $2rdacarrier 200 10$aMixed magic $eglobal-local dialogues in fairy tales for young readers /$fAnna Katrina Gutierrez 210 1$aAmsterdam, [Netherlands] ;$aPhiladelphia, [Pennsylvania] :$cJohn Benjamins Publishing Company,$d2017. 210 4$dİ2017 215 $a1 online resource (162 pages) $cillustrations 225 1 $aChildren's Literature, Culture, and Cognition,$x2212-9006 ;$vVolume 8 300 $aIncludes index. 311 $a90-272-0162-5 311 $a90-272-6545-3 320 $aIncludes bibliographical references and index. 410 0$aChildren's literature, culture, and cognition ;$vVolume 8. 606 $aFairy tales$vAdaptations$xHistory and criticism 606 $aDiscourse analysis, Literary 606 $aChildren's literature$xHistory and criticism 606 $aYoung adult literature$xHistory and criticism 608 $aElectronic books. 615 0$aFairy tales$xHistory and criticism. 615 0$aDiscourse analysis, Literary. 615 0$aChildren's literature$xHistory and criticism. 615 0$aYoung adult literature$xHistory and criticism. 676 $a398.09 700 $aGutierrez$b Anna Katrina$0984276 801 0$bMiAaPQ 801 1$bMiAaPQ 801 2$bMiAaPQ 906 $aBOOK 912 $a9910480227803321 996 $aMixed magic$92248009 997 $aUNINA LEADER 01635nam 2200253la 450 001 9910481830003321 005 20221102155550.0 035 $a(UK-CbPIL)2090338033 035 $a(CKB)5500000000085571 035 $a(EXLCZ)995500000000085571 100 $a20221102d1587 uy | 101 0 $ager 135 $aurcn||||a|bb| 200 10$aDe panvrgia lamiarvm, sagarvm, strigum ac Veneficarum, totiusqve cohortis Magicĉ Cacodaemonia libri tres. Dat ys: No?dige vnd nu?tte vnderrichtinge I. van der To?uerschen geschwinden list vnd geschicklicheit quadt tho donde. II. Vnde, dat To?uerye eine Du?uelsche Su?nde sy, de wedder alle teyn Gebade Gades strydet. III. Vnde, Wo eine Christlike Ouericheit mit sodanen gemeinen Fienden Minschlikes geschlechtes vmmeghan scho?le Dorch Samvelem Meigerivm 210 $aHamburg $cHans Binder, 1569-1587$d1587 215 $aOnline resource ([448] s.) 300 $aReproduction of original in Det Kongelige Bibliotek / The Royal Library (Copenhagen). 700 $aMeiger$b Samuel$f1532-1610.$0888884 801 0$bUk-CbPIL 801 1$bUk-CbPIL 906 $aBOOK 912 $a9910481830003321 996 $aDe panvrgia lamiarvm, sagarvm, strigum ac Veneficarum, totiusqve cohortis Magicĉ Cacodaemonia libri tres. Dat ys: Nödige vnd nütte vnderrichtinge I. van der Töuerschen geschwinden list vnd geschicklicheit quadt tho donde. II. Vnde, dat Töuerye eine Düuelsche Sünde sy, de wedder alle teyn Gebade Gades strydet. III. Vnde, Wo eine Christlike Ouericheit mit sodanen gemeinen Fienden Minschlikes geschlechtes vmmeghan schöle Dorch Samvelem Meigerivm$91987528 997 $aUNINA